Movies Quiz

Random Movies or Author Quiz

Book to Film (Nonfiction) Quiz Stats

 Plays Quiz Updated May 14, 2013

Challenge
Share
Tweet
Embed
Score 0/25 Timer 07:00
3 Plays Today
Star of Movie, Year Movie % Correct
Leonardo DiCaprio, 2002Catch Me If You Can
84.6%
Jesse Eisenberg, 2010The Social Network
77.5%
George Clooney, 2000The Perfect Storm
73.9%
Owen Wilson, 2008Marley & Me
70.9%
Daniel Day-Lewis, 2012Lincoln
69.8%
Amy Adams, 2009Julie and Julia
65.2%
Ben Affleck, 2012Argo
63.3%
Sandra Bullock, 2009The Blind Side
61.5%
James Franco, 2010127 Hours
59.7%
Johnny Depp, 2001Blow
52.9%
Tom Hanks, 2007Charlie Wilson's War
49.4%
Tobey Maguire, 2003Seabiscuit
48.7%
Will Smith, 2006The Pursuit of Happyness
44.8%
Star of Movie, Year Movie % Correct
Josh Hartnett, 2001Black Hawk Down
44%
Eric Bana, 2005Munich
43.5%
Johnny Depp, 2009Public Enemies
42.4%
Emile Hirsch, 2007Into the Wild
36.2%
Billy Bob Thornton, 2004Friday Night Lights
35.9%
George Clooney, 2005Syriana
32%
Nicolas Cage, 2002Adaptation
26.7%
Keira Knightley, 2008The Duchess
22.8%
Matt Damon, 2009The Informant!
19%
Patricia Arquette, 2006Fast Food Nation
15.4%
Annette Bening, 2006Running With Scissors
13.7%
Jake Gyllenhaal, 2007Zodiac
11%

You're not logged in!

Compare scores with friends on all Sporcle quizzes.
OR
Log In

You Might Also Like...

Show Comments

Extras

Top Quizzes Today


Score Distribution

Your Account Isn't Verified!

In order to create a playlist on Sporcle, you need to verify the email address you used during registration. Go to your Sporcle Settings to finish the process.

Report this User

Report this user for behavior that violates our Community Guidelines.

Details: